• 首页
  • 本馆介绍
  • 公告通知
  • 最新文献
  • 馆藏检索
  • 电子资源
  • 读者导购
  • 参考咨询
  • 我的图书馆
  • 登录
  • 详细信息显示
  • 放入我的书架
  • 预约/预借图书
  • 作者相关作品
  • 分类相关作品
  • 丛书相关作品
  • 出版社相关作品

书目信息

  • 表格格式
  • 工作单格式
  • 卡片格式
题名:
异常高压气藏产能评价方法与应用
    
 
作者: 张晶 编著
分册:  
出版信息: 北京   石油工业出版社  2019.8
页数: 222页
开本: 26cm
丛书名:
单 册:
中图分类: P618.130.2
科图分类:
主题词: 超高压--气藏--产能评价
电子资源:
ISBN: 978-7-5183-2936-6
000 01393nam0 2200277 45
001 012001000733
005 20140911172927.0
010    @a978-7-5183-2936-6@dCNY115.00
100    @a20191203d2019 em y0chiy50 ea
101 0  @achi
102    @aCN@b110000
105    @aa z 000yy
106    @ar
200 1  @a异常高压气藏产能评价方法与应用@Ayi chang gao ya qi zang chan neng ping jia fang fa yu ying yong@b专著@dAnalysis and application of deliverability evaluation in high pressure gas reservoirs@f张晶[等]编著@zeng
210    @a北京@c石油工业出版社@d2019.8
215    @a222页@c图@d26cm
300    @a中国石油勘探开发研究院出版物
300    @a并列题名:Analysis and application of deliverability evaluation in high pressure gas reservoirs
304    @a编著者还有:夏静、罗凯、李勇
330    @a本书从异常高压气藏的形成、分布以及国内外开发实例的剖析出发,以克拉2异常高压气田为例,论述了异常高压气藏产能评价以及预测方法,同时介绍了异常高压气藏相关动态研究方法,主要内容包括:动态追踪试井解释及分析技术、试井资料表皮系数分解方法、数值试井模型建立与历史拟合方法、考虑应力敏感与见水的产能评价预测方法。
510 1  @aAnalysis and application of deliverability evaluation in high pressure gas reservoirs@zeng
606 0  @a超高压@x气藏@x产能评价
690    @aP618.130.2@v5
701  0 @a张晶@Azhang jing@4编著
801  0 @aCN@bBJSDL@c20211011
905    @b1332054-7@dP618.130.2@e142@f4
    
    异常高压气藏产能评价方法与应用=Analysis and application of deliverability evaluation in high pressure gas reservoirs/张晶[等]编著.-北京:石油工业出版社,2019.8
    222页:图;26cm
    中国石油勘探开发研究院出版物.-并列题名:Analysis and application of deliverability evaluation in high pressure gas reservoirs
    
    ISBN 978-7-5183-2936-6:CNY115.00
    本书从异常高压气藏的形成、分布以及国内外开发实例的剖析出发,以克拉2异常高压气田为例,论述了异常高压气藏产能评价以及预测方法,同时介绍了异常高压气藏相关动态研究方法,主要内容包括:动态追踪试井解释及分析技术、试井资料表皮系数分解方法、数值试井模型建立与历史拟合方法、考虑应力敏感与见水的产能评价预测方法。
●
相关链接 在E读中查询图书 在五车中查询图书 在当当中查询图书 在豆瓣中查询图书


正题名:异常高压气藏产能评价方法与应用     索取号:P618.130.2/142         预约/预借

序号 登录号 条形码 馆藏地/架位号 状态 备注
1 1332054   213320547   第二样本阅览室/ [索取号:P618.130.2/142] 在馆    
2 1332055   213320556   第三借阅区/ [索取号:P618.130.2/142] 在馆    
3 1332056   213320565   第三借阅区/ [索取号:P618.130.2/142] 在馆    
4 1332057   213320574   第三借阅区/ [索取号:P618.130.2/142] 在馆    
唐山师范学院图书馆 欢迎您!
大连网信软件有限公司© 版权所有